Photographs : part II.

Saved in:
Bibliographic Details
Corporate Author: Swann Galleries, inc.
Format: Book
Language:English
Published: New York : Swann Galleries, 2008.
Subjects:
Tags: Add Tag
No Tags, Be the first to tag this record!
LEADER 01069nam a2200325Ka 4500
001 014401099-2
005 20150602221830.0
008 080429s2008 nyua c 001 0 eng d
024 8 |a 2146 
033 0 |a 20080515 
035 0 |a ocn794966373 
035 0 |a ocn226379131 
040 |a NGA  |c NGA 
042 |a scipio 
090 |a S972 
110 2 |a Swann Galleries, inc. 
245 1 0 |a Photographs :  |b part II. 
260 |a New York :  |b Swann Galleries,  |c 2008. 
300 |a 1 v. (unpaged) :  |b ill. (some col.);  |c 24 cm. 
500 |a Lot nos.232-574. See: Photographic literature: part I, sale code 2146, May 15, 2008 for lot nos.1-231. 
500 |a Includes photographer and subject index. 
505 0 |a Carleton E. Watkins and Isaiah Taber 
518 |a Place of sale: New York. 
518 |a Date of sale: May 15, 2008. 
653 |a Collection of Alexandra R. Marshall 
653 |a David C. and Sarajean W. Ruttenberg Arts Foundation 
653 |a Collection of Bevan and Michele Davies 
655 7 |a Auction catalogs.  |2 aat 
988 |a 20150604 
906 |0 OCLC